000 00390nam a22001457a 4500
005 20240829070405.0
008 240829b |||||||| |||| 00| 0 eng d
041 _aEnglish
082 _a349 LAW
100 _lEnglish
245 _aThe Laws of South West Africa 1928
300 _b637 pages;
_c25 cm.
650 _aLegal practice
_bLaw
942 _cBK
_6ALISON_BN_VRIES
999 _c2928
_d2928